| 000 | 00839nam a22002177a 4500 | ||
|---|---|---|---|
| 003 | OSt | ||
| 005 | 20250627124644.0 | ||
| 008 | 200219s2016 ck a|||gr|||| 00| pdspa d | ||
| 040 |
_aCO-JMCR _cCO-JMCR |
||
| 041 | _aspa | ||
| 082 | 0 | 4 |
_aA-P _bGOMu |
| 100 | 1 |
_aGómez Garzón, Julián Antonio, _eautor _9713 |
|
| 245 | 1 |
_aUna voz dibuja sinos en la niebla / _cJulián Antonio Gómez Garzón |
|
| 260 |
_aBogotá : _bLegis, _c2016 |
||
| 300 |
_a59 páginas : _bilustraciones a blanco y negro ; _c19 cm. |
||
| 500 | _aDatos biográficos del autor en tapa posterior. | ||
| 505 | _aMujeres imposibles -- El oficio de la soledad -- Habitar en el cosmos -- Abrazar el asombro -- La niebla interior -- Grito en la sombra -- Enfermedad de palabras | ||
| 650 | 1 | 4 |
_aPoesía _xMujeres _9714 |
| 650 | 1 | 4 |
_aPoesía _xsoledad _9715 |
| 942 |
_2ddc _cBK |
||
| 999 |
_c6550 _d6550 |
||